| 000 | 00491nam a22001697a 4500 | ||
|---|---|---|---|
| 005 | 20140829110826.0 | ||
| 010 | _aENG-110593 | ||
| 020 |
_c450.00 _a9788131785072 |
||
| 035 | _aEN-94125 | ||
| 037 | _bDBAD/PUB | ||
| 082 | _a488.0076 | ||
| 100 | _aRao, M. L. V. Raman | ||
| 245 |
_aPearson's sentence correction for the GMAT / _cby M. L. V. Ramana Rao |
||
| 260 |
_aNew Delhi _bPearson _c(201?) |
||
| 300 |
_avarious pagings _c27cm(pbk) |
||
| 942 |
_2ddc _cEN _mRAO _h488.0076 |
||
| 999 |
_c87502 _d87502 |
||